书目信息 |
| 题名: |
大寨田
|
|
| 作者: | ;大寨农学院 , 山西农学院 编 | |
| 分册: | ||
| 出版信息: | 北京 人民教育出版社 1976 |
|
| 页数: | 224页 | |
| 开本: | 19cm | |
| 丛书名: | 科学种田丛书 | |
| 单 册: | ||
| 中图分类: | S157.3 | |
| 科图分类: | ||
| 主题词: | 水土保持-农田基本建设--技术措施 , 农田基本建设-水土保持--技术措施 | |
| 电子资源: | ||
| ISBN: | ||
| 000 | 00807nam2 2200277 45 | |
| 001 | 0176002072 | |
| 005 | 20060801145659.05 | |
| 010 | @dCNY0.48 | |
| 100 | @a19951014d1976 em y0chiy0121 ea | |
| 101 | 0 | @achi |
| 102 | @aCN@b110000 | |
| 105 | @ay z 000yy | |
| 200 | 10 | @a大寨田@Ada zhai tian@f大寨农学院,山西农学院《大寨田》编写组编 |
| 210 | @a北京@c人民教育出版社@d1976 | |
| 215 | @a224页@d19cm | |
| 225 | 2 | @a科学种田丛书 |
| 300 | @a工农知识青年自学读物 | |
| 410 | 0 | @120010@a科学种田丛书 |
| 606 | @a水土保持-农田基本建设@x技术措施 | |
| 606 | @a农田基本建设-水土保持@x技术措施 | |
| 690 | @aS157.3@v3 | |
| 711 | 02 | @a大寨农学院@Ada zhai nong xue yuan@4编 |
| 711 | 02 | @a山西农学院@Ashan xi nong xue yuan@4编 |
| 801 | 2 | @aCN@bNLC@c20060801 |
| 801 | 0 | @aCN@bTSSF |
| 905 | @a10447@dS157.3@e34 | |
| 大寨田/大寨农学院,山西农学院《大寨田》编写组编.-北京:人民教育出版社,1976 |
| 224页;19cm.-(科学种田丛书) |
| 工农知识青年自学读物 |
| ISBN :CNY0.48 |
| ● |
| 相关链接 |
|
|
|
|
正题名:大寨田
索取号:S157.3/34
 
预约/预借
| 序号 | 登录号 | 条形码 | 馆藏地/架位号 | 状态 | 备注 |
| 1 | 0439304 | 204393049 | 密集书库/ [索取号:S157.3/34] | 在馆 |